[Event "Bogota Superate Intercol Adv-B"]
[Site "Bogota"]
[Date "2014.10.25"]
[Round "2.9"]
[White "Barros Ochoa, Alfredo Ivan"]
[Black "Criado, Juan Daniel"]
[Result "0-1"]
[WhiteElo "1548"]
[BlackElo "1632"]
[PlyCount "60"]
[EventDate "2014.10.25"]
[EventType "swiss (rapid)"]
[EventRounds "6"]
[EventCountry "COL"]
[SourceTitle "EXT 2024"]
[Source "ChessBase"]
[SourceDate "2023.10.10"]
[SourceVersion "1"]
[SourceVersionDate "2023.10.10"]
[SourceQuality "1"]

1. d4 Nf6 2. e3 e6 3. Bd3 c5 4. c3 Nc6 5. Nf3 d5 6. Nbd2 Bd6 7. 0-0 0-0 8. Re1 Qc7 9. e4 dxe4 10. Nxe4 Nxe4 11. Bxe4 Rd8 12. Qd3 h6 13. Re3 cxd4 14. cxd4 Nb4 15. Qb1 Bd7 16. Bh7+ Kf8 17. Bg6 fxg6 18. Qxg6 Nc2 19. Ng5 hxg5 20. Rf3+ Bf4 21. Bxf4 gxf4 22. Rc1 Bc6 23. Rxc2 Qf7 24. Qxf7+ Kxf7 25. Rxf4+ Ke7 26. Rd2 Rf8 27. Rg4 Rf7 28. Rg3 Bd5 29. Rc3 Bxa2 30. b3 Bb1 0-1

[Event "North Region-ch U18"]
[Site "Valledupar"]
[Date "2013.04.13"]
[Round "4.2"]
[White "Barros Ochoa, Alfredo Ivan"]
[Black "Cotes, Donato"]
[Result "0-1"]
[WhiteElo "1569"]
[BlackElo "1602"]
[PlyCount "38"]
[EventDate "2013.04.11"]
[EventType "swiss"]
[EventRounds "6"]
[EventCountry "COL"]
[SourceTitle "EXT 2024"]
[Source "ChessBase"]
[SourceDate "2023.10.10"]
[SourceVersion "1"]
[SourceVersionDate "2023.10.10"]
[SourceQuality "1"]

1. d4 d5 2. e3 Nf6 3. Bd3 g6 4. Nf3 Bg7 5. 0-0 0-0 6. Nbd2 Nbd7 7. Re1 b6 8. e4 dxe4 9. Nxe4 Bb7 10. Bg5 Re8 11. Ne5 Nxe4 12. Bxe4 Bxe4 13. Rxe4 Nxe5 14. dxe5 Qxd1+ 15. Rxd1 Rad8 16. Rde1 Rd2 17. R4e2 Red8 18. Bxe7 Rxe2 19. Rf1 Rdd2 0-1

[Event "Cesar Cup 3rd"]
[Site "Valledupar"]
[Date "2012.10.20"]
[Round "3"]
[White "Barros Ochoa, Alfredo Ivan"]
[Black "Romero, Oscar"]
[Result "0-1"]
[WhiteElo "1593"]
[BlackElo "1819"]
[PlyCount "68"]
[EventDate "2012.10.20"]
[EventType "swiss"]
[EventRounds "6"]
[EventCountry "COL"]
[SourceTitle "EXT 2015"]
[Source "ChessBase"]
[SourceDate "2014.11.20"]
[SourceVersion "1"]
[SourceVersionDate "2014.11.20"]
[SourceQuality "1"]

1. d4 d5 2. e3 Nf6 3. Bd3 Nbd7 4. Nf3 c5 5. c3 e6 6. Nbd2 c4 7. Bc2 b5 8. a3 Bb7 9. 0-0 Bd6 10. Qe2 Ne4 11. Nxe4 dxe4 12. Ne5 Nxe5 13. dxe5 Bxe5 14. Rd1 Qc7 15. a4 a6 16. Qg4 f5 17. Qh4 0-0 18. f4 exf3 19. g3 f2+ 20. Kxf2 Qc6 21. Rf1 Qg2+ 22. Ke1 Qxc2 23. Qe7 Bd5 24. e4 Qxe4+ 25. Kd1 Rad8 26. Re1 Qd3+ 27. Bd2 Bf6 28. Qa7 Bf3+ 29. Kc1 Qxd2+ 30. Kb1 Qxe1+ 31. Ka2 Rd1 32. Rxd1 Bxd1 33. Qxa6 Bb3+ 34. Ka3 Be7+ 0-1